Countries ending in "D" - Statistics

General Stats
  • This quiz has been taken 248 times
  • The average score is 6 of 8
Answer Stats
Continent Country % Correct
Finland
84%
Ireland
82%
Iceland
77%
Oceania New Zealand
76%
Africa Chad
72%
Europe Poland
69%
Switzerland
67%
Asia Thailand
65%
No matching quizzes found
Score Distribution
Percent of People with Each Score
Percentile by Number Answered
Your Score History
You have not taken this quiz